[Event "World Cup"]
[Site "Reykjavik"]
[Date "1991.??.??"]
[Round "4"]
[White "Hjartarson, Johann"]
[Black "Nikolic, Predrag"]
[Result "1/2-1/2"]
[WhiteElo "2550"]
[BlackElo "2625"]
[Annotator "Knaak,R"]
[PlyCount "103"]
[EventDate "1991.09.??"]
[EventType "tourn"]
[EventRounds "15"]
[EventCountry "ISL"]
[EventCategory "16"]
[SourceTitle "CBM 026"]
[Source "ChessBase"]
[SourceDate "1992.02.01"]
[SourceVersion "1"]
[SourceVersionDate "1992.02.01"]
[SourceQuality "1"]

1. e4 e6 2. d4 d5 3. Nc3 Bb4 4. e5 c5 5. a3 Bxc3+ 6. bxc3 Ne7 7. Qg4 cxd4 {
/\ 8.Qg7 Rg8 9.Qh7 Qc7 Hauptvariante; bei 7...Qc7 muß 8.Bd3!? beachtet werden.}
8. cxd4 (8. Bd3 Qa5 $1 9. Ne2 Ng6 10. O-O dxc3 11. h4 Nc6 12. f4 h5 13. Qg3
Nce7 14. Nd4 $44 {ECO}) 8... Qc7 9. Ra2 (9. Kd1 O-O (9... Nf5 10. Nf3 Nc6 11.
Bd3 Nce7 12. Bd2 $14) 10. Nf3 (10. Bd3 f5) 10... f6 11. Bd3 Nf5 12. Qh3 Nc6 13.
g4 fxe5 14. dxe5 Nxe5 15. Nxe5 Qxe5 16. Rb1 Nh6 17. Re1 Qc7 18. Bxh6 gxh6 19.
g5 {Spaski-Kortschnoj/Belgrad m/1977/78/i24/235} Rxf2 20. gxh6 Qf4 21. Qg3+
Qxg3 22. hxg3 $10 {ECO}) 9... Nf5 10. Nf3 Nc6 11. Bd2 $6 (11. Bd3 h5 12. Qg5
Ncxd4 13. Nxd4 Qc3+ 14. Kf1 Qxd4 15. Bb2 Qg4 16. Qd2 $13 {ECO} h4 17. h3 Qh5
$15) 11... Qb6 $1 12. Ra1 Qb2 13. Rc1 Ncxd4 $17 14. Nxd4 Qxd4 15. Bb5+ Bd7 16.
Qe2 Qe4 17. Bxd7+ Kxd7 18. Qxe4 dxe4 19. Rb1 Kc6 20. Rb4 Rhd8 21. Rxe4 Rd4 22.
Rxd4 Nxd4 23. Kd1 Kd5 (23... Rd8 24. Re1 Nb5 25. Re3 Rd4 26. Rf3 $10) 24. c3
Nb5 25. a4 Na3 26. Bc1 Nc4 27. f4 Rd8 (27... Nb6 $1 28. a5 (28. Kc2 Nxa4 29.
Rd1+ Kc6 30. Rd6+ Kc7 31. Be3 Nb6 32. Bxb6+ axb6 $17) 28... Nc4 29. a6 b5 30.
Kc2 Rc8 31. Rd1+ Kc6 32. Kb3 Kb6 33. Kb4 (33. Rd7 Rc7 34. Rxc7 Kxc7 35. Kb4 Kb6
36. g4 g6 37. h4 h5 38. g5 Kc6 39. Kb3 Kc5 40. Kc2 Kb6 $19) 33... Kxa6 34. Rd7
Nb6 35. Rxf7 Nd5+ 36. Kb3 Rxc3+ 37. Kb2 Rc7 $17) 28. Kc2 Kc6 29. Re1 $1 Rd5 30.
Re4 $10 b5 31. axb5+ Kxb5 32. Kb3 Na5+ 33. Kc2 Nc4 34. Kb3 Nd2+ 35. Bxd2 Rxd2
36. Rb4+ Ka6 37. Ra4+ Kb7 38. Rb4+ Kc6 39. Ra4 Rxg2 40. Rxa7 Rxh2 41. Rxf7 Rg2
42. Kc4 h5 43. Ra7 h4 44. Ra6+ Kd7 45. Ra7+ Ke8 46. Kd4 h3 47. Ra8+ Kf7 48. Rh8
h2 49. Ke4 Ke7 50. Kf3 Rc2 51. c4 Rxc4 52. Rxh2 1/2-1/2

[Event "Dortmund op-A"]
[Site "Dortmund"]
[Date "1992.??.??"]
[Round "9"]
[White "Szalanczy, Emil"]
[Black "Kindermann, Stefan"]
[Result "0-1"]
[WhiteElo "2420"]
[BlackElo "2505"]
[Annotator "Knaak,R"]
[PlyCount "56"]
[EventDate "1992.04.??"]
[EventType "swiss"]
[EventRounds "11"]
[EventCountry "GER"]
[SourceTitle "CBM 029"]
[Source "ChessBase"]
[SourceDate "1992.08.01"]
[SourceVersion "1"]
[SourceVersionDate "1992.08.01"]
[SourceQuality "1"]

1. e4 {Ernst} e6 2. d4 d5 3. Nc3 Bb4 4. e5 Ne7 5. a3 Bxc3+ 6. bxc3 c5 7. Qg4
O-O 8. Bd3 Nbc6 9. Nf3 f5 10. exf6 Rxf6 11. Bg5 e5 $1 12. Qg3 (12. Bxh7+ Kxh7
13. Qh5+ Kg8 14. Bxf6 gxf6 15. dxe5 Qf8 $1 $15) (12. Qh4 e4 13. Bxf6 gxf6 14.
Qxf6 Qf8 15. Qxf8+ Kxf8 16. Bxe4 dxe4 17. Ng5 cxd4 18. Nxe4 Bf5 $15 {Arkell,
K-McDonald/GB-ch/1988}) 12... Rxf3 $1 13. gxf3 c4 $15 14. Be2 (14. Bxe7 $6 Qxe7
15. Be2 exd4 16. Kf1 Bf5 $17 {Abramovic-Dokhoian/Belgrad/1988}) (14. Bxh7+ $6
Kxh7 15. Rg1 Qf8 16. Qh4+ Kg8 17. Bf6 Nf5 18. Qg5 exd4 $17 {Honfi-Portisch/
Hungary-ch/1958}) 14... exd4 15. O-O {N} (15. Bf6 Qf8 16. Bxd4 Nf5 17. Qg5
Nfxd4 18. cxd4 Bf5 19. c3 Re8 20. Ra2 Re6 21. h4 $15 {Maliutin-Piskov/Moscov/
1989/i47/374}) (15. cxd4 $6 Nxd4 16. Bd1 (16. Qe5 Qa5+ $1 17. Kd1 Qc3 18. Rc1
Bf5 $19) 16... Qa5+ 17. Bd2 c3 18. Be3 Ndf5 $17 {Efimov}) 15... Bf5 16. Rfe1 (
16. cxd4 Nxd4 17. Bd1 Bxc2 $17) 16... dxc3 $17 17. Bxc4 dxc4 18. Rxe7 (18. Bxe7
Nxe7 19. Qe5 Kf8 $19) 18... Nxe7 19. Re1 Qb8 $1 20. Rxe7 (20. Bf4 $5 Qf8 21.
Bd6 Re8 22. Qe5 (22. Qh4 Ng6 23. Qxc4+ Kh8 24. Bxf8 Rxe1+ 25. Kg2 Nxf8 26. Qf4
(26. Qc5 Ng6 $1 $19) 26... g6 $17) 22... Bh3 23. Re3 (23. Qh5 Ng6 24. Rxe8 Qxe8
25. Qxh3 h6 $17) 23... Rd8 24. Bxe7 Rd1+ 25. Re1 Rxe1+ 26. Qxe1 Qxf3 $19) 20...
Qxg3+ 21. fxg3 Bxc2 $19 22. Rxb7 Bd3 23. Kf2 h6 24. Bf4 g5 25. Be5 c2 26. Bb2
Re8 27. f4 c3 28. Bc1 Re2+ 0-1

[Event "Oakham YM"]
[Site "Oakham"]
[Date "1992.??.??"]
[Round "8"]
[White "Borriss, Martin"]
[Black "Gokhale, Jayant Suresh"]
[Result "0-1"]
[WhiteElo "2395"]
[BlackElo "2325"]
[Annotator "Knaak,R"]
[PlyCount "122"]
[EventDate "1992.03.??"]
[EventType "swiss"]
[EventRounds "9"]
[EventCountry "ENG"]
[SourceTitle "CBM 030"]
[Source "ChessBase"]
[SourceDate "1992.10.01"]
[SourceVersion "1"]
[SourceVersionDate "1992.10.01"]
[SourceQuality "1"]

1. e4 e6 2. d4 d5 3. Nc3 Bb4 4. e5 c5 5. a3 Bxc3+ 6. bxc3 Ne7 7. h4 Bd7 8. h5
h6 9. Qg4 Rg8 (9... Qa5 10. Bd2 Nbc6 $5 11. Qxg7 O-O-O $44 12. Qg4 $2 Qa4 $1 {
/\ Nxe5} 13. Nf3 Qxc2 14. Qf4 Qe4+ $17 {Drimer-Dückstein/Raach zt/1969}) 10.
Bd3 Nf5 11. Qf4 Nc6 12. dxc5 $6 (12. Nf3 $14) 12... Qa5 13. Bd2 Qxc5 14. Ne2
O-O-O 15. g4 Nfe7 16. Nd4 f6 $1 17. Nb3 (17. exf6 e5 18. Nb3 Qd6 $17) 17...
fxe5 18. Nxc5 exf4 19. Nxd7 Kxd7 20. Bxf4 Rgf8 $2 (20... e5 21. Bg3 e4 22. Be2
Ke6 $10) 21. Bg3 e5 22. c4 $1 e4 23. cxd5 exd3 24. dxc6+ Nxc6 25. O-O-O Rf3 26.
Rxd3+ Rxd3 27. cxd3 $14 Ke6 28. Re1+ Kf7 29. Kd2 Rd5 30. Rb1 Rd7 31. Kc3 a6 32.
Re1 Nd4 33. Re3 Nb5+ 34. Kb3 Nd4+ 35. Kb2 Nc6 36. Kc3 Rd5 37. Re4 b5 38. Rf4+
Ke6 39. Re4+ Kf7 40. f3 Rc5+ 41. Kd2 Rd5 42. Ke3 a5 43. f4 Rc5 44. f5 b4 45.
axb4 axb4 46. Rc4 $4 (46. Bd6 b3 47. Kd2 Rc2+ 48. Kd1 Rg2 49. Kc1 $13) 46...
Rxc4 47. dxc4 b3 48. Kd3 Nd4 49. Kc3 Ne2+ 50. Kxb3 Nxg3 51. c5 Ke7 52. Kc4 Ne4
53. c6 Nf6 54. Kc5 Nxg4 55. c7 (55. Kb6 Nf6 56. c7 Nd5+ 57. Kc6 Nxc7 58. Kxc7
Kf6 $19) 55... Kd7 56. Kd5 Nf6+ 57. Ke5 Nxh5 58. c8=Q+ Kxc8 59. Ke6 Kc7 60. Ke7
Nf6 61. Kf7 h5 0-1

[Event "Women-Veterans"]
[Site "Aruba"]
[Date "1992.??.??"]
[Round "1"]
[White "Polgar, Judit"]
[Black "Uhlmann, Wolfgang"]
[Result "1/2-1/2"]
[WhiteElo "2575"]
[BlackElo "2480"]
[Annotator "Knaak,R"]
[PlyCount "105"]
[EventDate "1992.08.??"]
[EventType "schev"]
[EventRounds "6"]
[EventCountry "NAU"]
[SourceTitle "CBM 033"]
[Source "ChessBase"]
[SourceDate "1993.04.01"]
[SourceVersion "1"]
[SourceVersionDate "1993.04.01"]
[SourceQuality "1"]

1. e4 e6 2. d4 d5 3. Nc3 Bb4 4. e5 Ne7 5. a3 Bxc3+ 6. bxc3 c5 7. Qg4 O-O 8. Bd3
Nbc6 9. Qh5 Ng6 10. Nf3 Qc7 11. Be3 $146 c4 12. Bxg6 (12. Ng5 $2 h6 13. Nxf7
cxd3 14. Nxh6+ gxh6 15. Qxg6+ Qg7 $17) 12... fxg6 13. Qg4 Qf7 14. Ng5 Qe8 15.
h4 h6 16. Nh3 Ne7 17. Nf4 Bd7 18. Rh3 Rf5 19. Kd2 Qf7 20. Ne2 Rf8 21. f4 Qe8 (
21... Kh7 $1 22. Qf3 Bc6 23. Rf1 (23. g4 $2 Rxe5 $1) 23... h5 $13 {/\
Ne7-g8-h6 (Uhlmann)}) 22. Qf3 Bc6 23. Bf2 (23. g4 $6 Rxe5 24. dxe5 d4 $13)
23... Qd8 $6 (23... h5 $13) 24. Qe3 $6 (24. g4 $1 Rxe5 25. dxe5 d4 $16 {
(Uhlmann)}) 24... h5 25. Rhh1 Qa5 26. g4 hxg4 27. Qg3 Kf7 28. Qxg4 Ke8 $15 29.
h5 $1 gxh5 30. Qxg7 Kd7 31. Rxh5 Rxh5 32. Qxf8 Rh2 33. Rf1 Qd8 34. Qf7 Qe8 (
34... Qh8 $2 35. f5 exf5 36. Bg3 Rh7 37. Qf6 $16) 35. Qxe8+ Kxe8 $15 36. Ng1
Nf5 37. Nf3 Rg2 38. Ke1 Ba4 39. Rh1 $1 Bxc2 40. Ng5 Kd7 41. Rh8 Ne7 42. Nf7 Ng6
43. Rg8 Nxf4 (43... Rh2 44. Bg3 $1) (43... Bd3 44. Rg7 $1 Nxf4 45. Ng5+ Kc6 46.
Nxe6 $10) 44. Rxg2 Nxg2+ 45. Kd2 Bg6 46. Nd6 Kc6 (46... b6 47. Bg3 $44 {>< Ng2}
) 47. Nc8 Kc7 48. Nxa7 Be8 49. Bg3 Kb8 50. Ke2 Kxa7 51. Kf2 Ka6 52. Kxg2 Kb5
53. Bh4 1/2-1/2

[Event "Elenite"]
[Site "Elenite"]
[Date "1994.??.??"]
[Round "4"]
[White "Topalov, Veselin"]
[Black "Ermenkov, Evgenij"]
[Result "1-0"]
[WhiteElo "2645"]
[BlackElo "2480"]
[Annotator "Knaak,R"]
[PlyCount "65"]
[EventDate "1994.??.??"]
[EventType "tourn"]
[EventRounds "9"]
[EventCountry "BUL"]
[EventCategory "15"]
[SourceTitle "CBM 044"]
[Source "ChessBase"]
[SourceDate "1995.02.01"]
[SourceVersion "1"]
[SourceVersionDate "1995.02.01"]
[SourceQuality "1"]

1. e4 e6 2. d4 d5 3. Nc3 Bb4 4. e5 c5 5. a3 Ba5 6. b4 cxb4 $5 7. Nb5 Nc6 8.
axb4 Bxb4+ 9. c3 Be7 10. Ba3 Nh6 11. Bxe7 $1 Qxe7 12. Nd6+ Kf8 13. Bb5 $1 f5 $2
(13... f6 $1 14. Bxc6 (14. f4 Nf7 15. Bxc6 bxc6 16. Nxc8 Rxc8 17. Nf3 fxe5 18.
fxe5 g6 19. Ra6 Rc7 20. Qa4 Kg7 21. O-O Qd7 22. Ra1 {Salm,M-Sagorovsky,V/corr
Wch4/1962/}) 14... bxc6 15. Qa4 Bd7 $13) 14. Bxc6 bxc6 15. Qa4 Bd7 16. Rb1 Nf7
(16... c5 17. Qa3 cxd4 18. cxd4 Nf7 19. Ne2 $44) 17. Qa3 $1 $16 {Der Mehrbauer
a7 ist wertlos.} Nd8 18. Ne2 h6 19. Nf4 Be8 20. Nd3 Kg8 21. O-O Kh7 22. Rb2 Rf8
23. f4 Bh5 24. Nc5 Kg8 25. Qa6 Qc7 26. Rfb1 Bf7 27. g3 Qe7 28. Ndb7 Rb8 (28...
Qc7 29. Nxd8 Rfxd8 30. Rb7 Qc8 31. Qa5 $18) 29. Qxa7 Nxb7 30. Rxb7 Rxb7 31.
Rxb7 Qe8 32. Nd7 Bh5 33. Nf6+ 1-0

[Event "Munich SKA"]
[Site "Munich"]
[Date "1994.05.23"]
[Round "3"]
[White "Ivanchuk, Vassily"]
[Black "Lutz, Christopher"]
[Result "1-0"]
[WhiteElo "2710"]
[BlackElo "2595"]
[Annotator "Knaak,R"]
[PlyCount "81"]
[EventDate "1994.05.21"]
[EventType "tourn"]
[EventRounds "11"]
[EventCountry "GER"]
[EventCategory "16"]
[SourceTitle "CBM 042"]
[Source "ChessBase"]
[SourceDate "1994.10.01"]
[SourceVersion "1"]
[SourceVersionDate "1994.10.01"]
[SourceQuality "1"]

1. e4 {Hansen,LB} e6 2. d4 d5 3. Nc3 Bb4 4. e5 c5 5. a3 Bxc3+ 6. bxc3 Ne7 7.
Qg4 O-O 8. Bd3 Nbc6 9. Qh5 Ng6 10. Nf3 Qc7 11. Be3 $1 (11. Ng5 {Hansen,LB} h6
12. Nxf7 Qxf7 13. Qxg6 Qxg6 14. Bxg6 cxd4 15. cxd4 Nxd4 16. Bd3 Bd7 17. Bb2 Rf4
18. Bc1 Rf7 19. Bb2 Rf4 20. Bc1 {1/2-1/2,Gelfand,B-Hubner,R/Wijk/1992/}) 11...
c4 12. Bxg6 (12. Be2) 12... fxg6 13. Qg4 Bd7 $5 (13... Qf7 14. Ng5 (14. h4 Qf5
(14... h6 {Hansen,LB}) 15. Qxf5 Rxf5 (15... gxf5 {= Knaak} 16. h5 $14 {Hansen,
LB}) (15... exf5 $5 {Hansen,LB}) 16. Ke2 $14 {Kamsky,G-Yusupov,A/Linares (01)/
1993/}) (14. Kd2 {!? Kamsky} Qf5 15. Qg3 Bd7 16. Nh4 Qf7 17. f4 Ne7 $13 {
/\ Ba4 >< c2 Minasian,A-Apicella,M/Cannes/1994/}) 14... Qe8 (14... Qf5 $2 15.
Qe2 $16 Nxe5 $6 (15... Re8 $16) 16. dxe5 Qxe5 17. Qd2 $18 {Kasparov,G-Short,N/
Muenchen PCA-Blitz/1994/} (17. Qd2 {Hansen,LB} Bd7 18. O-O h6 19. f4 Qd6 20.
Nf3 $18 {Kasparov,G-Short,N/Munchen PCA-blitz/1994/})) 15. h4 h6 16. Nh3 Ne7
17. Nf4 Bd7 18. Rh3 Rf5 19. Kd2 Qf7 20. Ne2 Rf8 21. f4 Qe8 (21... Kh7 $1 22.
Qf3 Bc6 23. Rf1 (23. g4 $2 Rxe5 $1) 23... h5 $13 {/\ Ne7-g8-h6 (Uhlmann)}) 22.
Qf3 Bc6 23. Bf2 Qd8 $6 {Polgar,J-Uhlmann,W/Aruba/1992/} 24. g4 $1 Rxe5 25. dxe5
d4 $16 {Uhlmann}) 14. h4 Rf5 15. h5 gxh5 16. Rxh5 Raf8 (16... Rxh5 $2 {Hansen,
LB} 17. Qxh5 Be8 18. Qh3 $16) 17. Ng5 (17. Kd2 $1 Be8 18. Rh2 $1 $14 {/\ 18...
h5 19.Qh3 (Ivanchuk)} (18. Rh3 h5 19. Qg3 Rxf3 $1 20. gxf3 Ne7 $44)) (17. Kd2
$5 {Hansen,LB}) 17... Qa5 $1 18. Bd2 (18. Kd2 $4 {Hansen,LB} Rxf2+ $19) 18...
Rf4 $1 19. Qh3 Rxf2 $2 (19... h6 $8 20. Rxh6 $1 (20. Bxf4 Rxf4 $17 {Ivanchuk} (
20... Rxf4 {Hansen,LB} 21. Ke2 $5 (21. Nxe6 $2 Nxd4 $1 $19 {Tischbierek}) (21.
Kf1 Rf5 $1 22. Nxe6 $5 Rf7 $1 {Tischbierek}) 21... Rf5 $1 (21... Qa4 22. Ra2) (
21... hxg5 $2 22. Rh8+ Kf7 23. Rh5 (23. Qh5+ Ke7 24. Qxg5+ $18)) 22. Nxe6 $1
Bxe6 $1 (22... Rxh5 23. Qxh5 Bxe6 24. Qe8+) (22... Rf7 $2 23. Rh1 $40) 23. Rxf5
Bxf5 24. Qxf5 Qxc3 $13)) (20. f3 hxg5 21. Rh8+ Kf7 22. Qh5+ Ke7 23. Qxg5+ Ke8
24. Qh5+ g6 25. Qxg6+ Kd8 $15 {Ivanchuk}) 20... gxh6 21. Qxh6 R4f7 $1 (21...
R8f7 22. f3 Ne7 (22... Rg7 $5 23. Kf2 Rxd4 24. Rh1 Rxd2+ 25. Ke1 $18) 23. Kf2
Nf5 24. Qh5 Rg7 25. Bxf4 Qxc3 26. Rd1 Qxc2+ 27. Rd2 Qa4 28. g4 c3 29. gxf5 cxd2
30. f6 Be8 31. Qh6 Rd7 32. Nxe6 $1 (32. Nf7 $5 Rxf7 33. Qg5+ Kh8 34. Qh6+ Kg8
$10 {Tischbierek}) 32... d1=N+ (32... d1=Q $2 33. Qf8+ {#7 (Fritz)} Kh7 34.
Ng5+ Kg6 35. Qxe8+ Kh6 36. Nf7+ Kh5 37. Nd6+ $18) 33. Kg3 Qxa3 34. Qg5+ Kh8 35.
Qh4+ Kg8 36. Qg4+ Kh8 37. Ng7 $16) 22. f3 (22. O-O-O Qxa3+ 23. Kb1 Nb4 $1 24.
cxb4 c3 25. Bxc3 Qxc3 26. Rh1 Qxb4+ 27. Kc1 Qa3+ 28. Kb1 $10 {Ivanchuk}) 22...
Ne7 $1 23. Kf2 Rg7 $1 (23... Nf5 24. Qh5 $18 {Ivanchuk}) 24. Rh1 Ng6 25. Nh7
Rff7 (25... Qa4 $4 {! Ivanchuk, wohl ohne Fritz/probaply without Fritz} 26.
Nf6+ Rxf6 (26... Kf7 27. Qxg7+ Kxg7 28. Rh7#) 27. exf6 $18) 26. Nf6+ Kf8 27.
Bg5 Ba4 (27... Qxc3 $4 28. Qh8+ $1 Nxh8 29. Rxh8+ Rg8 30. Rxg8+ Ke7 31. Nxd5#)
28. Nh5 $5 (28. Nh7+ Ke8 29. Nf6+ $10) 28... Qxc3 29. Bf6 Qxd4+ 30. Kg3 Ke8 31.
Nxg7+ Rxg7 32. c3 $5 (32. Bxg7 Bxc2 $13) 32... Qf4+ 33. Qxf4 Nxf4+ 34. Bxg7
Ne2+ 35. Kf2 Nxc3 $13) 20. Nf3 $18 Rxd2 21. Kxd2 h6 22. Qg4 Kf7 23. Rh3 Ne7 24.
Nh2 Ke8 25. Rf1 Rxf1 26. Nxf1 Qxa3 27. Qxg7 Nf5 28. Qh8+ Qf8 29. Qxf8+ Kxf8 30.
g4 Ne7 31. Rxh6 Kg7 32. Rh1 a5 33. Ng3 a4 34. Nh5+ Kg6 35. Rf1 Ng8 36. Rf8 Nh6
37. Rd8 Bc6 38. Nf4+ Kg5 39. Nxe6+ Kxg4 40. Nc7 Nf5 41. Nxd5 1-0

[Event "Dortmund op-A"]
[Site "Dortmund"]
[Date "1992.??.??"]
[Round "11"]
[White "Ernst, Thomas"]
[Black "Knaak, Rainer"]
[Result "1-0"]
[WhiteElo "2535"]
[BlackElo "2505"]
[Annotator "Knaak,R"]
[PlyCount "165"]
[EventDate "1992.04.??"]
[EventType "swiss"]
[EventRounds "11"]
[EventCountry "GER"]
[SourceTitle "CBM 029"]
[Source "ChessBase"]
[SourceDate "1992.08.01"]
[SourceVersion "1"]
[SourceVersionDate "1992.08.01"]
[SourceQuality "1"]

1. e4 {Ernst} e6 2. d4 d5 3. Nc3 Bb4 4. e5 c5 5. a3 Ba5 6. b4 cxb4 $5 7. Nb5
Nc6 8. axb4 Bxb4+ 9. c3 Be7 10. Ba3 (10. Bd3 {Ernst} a6 11. Qg4 Kf8 12. Ba3 f5
13. Qf4 Bxa3 14. Rxa3 Nh6 15. Nf3 Nf7 $16 {Liberzon-Khasin/URS/1960/}) 10...
Nh6 11. Nd6+ $6 (11. Bxe7 Qxe7 12. Nd6+ Kf8 13. Bb5 (13. Bd3 f5 14. Nf3 Nf7 15.
Nxf7 Kxf7 16. h4 Rf8 17. Ng5+ Kg8 18. Qh5 g6 19. Qe2 Bd7 20. f4 h5 $15 {
Richter-Edzelins/World-ch corres/1965}) 13... f6 $1 14. f4 Nf7 15. Bxc6 bxc6
16. Nxc8 Rxc8 17. Nf3 fxe5 18. fxe5 g6 19. Ra6 Rc7 20. Qa4 Kg7 21. O-O $44 {
Salm-Zagorovsky/World-ch corres/1962}) 11... Bxd6 12. Bxd6 f6 $1 $17 13. Nf3
Nf7 14. Ba3 fxe5 15. dxe5 Bd7 16. Bd3 Qc7 17. O-O Nfxe5 18. Nxe5 Qxe5 19. Re1
Qxc3 $1 20. Bb5 (20. Qh5+ g6 (20... Kd8 $5) (20... Kd8 $17 {Ernst Knaak.}) 21.
Qg5 Qxd3 22. Qf6 Qd4 23. Rxe6+ Bxe6 24. Qxe6+ Kd8 $19 {Ernst} (24... Kd8 {Ernst
} 25. Qd6+ Kc8 26. Qe6+ Kc7 27. Qd6+ Kb6 $17)) 20... O-O-O 21. Bxc6 Bxc6 22.
Be7 Rde8 23. Rxa7 Kd7 $1 24. Ra3 (24. Bg5 Ra8 $19) 24... Qc4 25. Bg5 h6 (25...
d4 $19) (25... e5 $1 $19 {Ernst}) 26. Bd2 Rhf8 27. Rc3 Qd4 $2 (27... Qa4 $19 {
/\ d4}) 28. Qe2 Rf7 29. Re3 Qc4 $1 30. Qh5 (30. Rxe6 Qxe2 31. R6xe2 Rxe2 32.
Rxe2 d4 $19) 30... Rfe7 (30... Ref8 $1 {Ernst} 31. Rxe6 Rxf2 32. Re7+ Kc8 33.
Qh3+ R8f5 34. g3 $17) 31. Bc3 Kc8 32. Qe5 Rf7 33. Ra1 $6 (33. g3 $17) 33... Qf4
$1 $19 34. Ra8+ Kd7 35. Rf3 Qxf3 $6 (35... Qc1+ 36. Be1 Rxf3 37. Rxe8 Kxe8 38.
Qxe6+ Kd8 39. gxf3 Qg5+ 40. Kh1 d4 $19) 36. gxf3 Rxa8 37. Bb4 $132 Re8 (37...
Rf6 $5 38. Qd6+ Kc8 39. Bc3 $6 Rg6+ 40. Kf1 Bb5+ 41. Ke1 Rg1+ 42. Kd2 Ra2+ 43.
Ke3 d4+ $1 (43... Re2+ 44. Kd4 Rd1+ 45. Kc5 $13) 44. Kf4 (44. Bxd4 Re2+ 45. Kf4
g5#) 44... e5+ $1 (44... g5+ 45. Ke5 Re2+ 46. Kf6 dxc3 $13) 45. Kxe5 Re2+ 46.
Kd5 dxc3 $19) 38. h4 Kc8 (38... d4 $5 39. Qxd4+ Bd5 40. f4 Rc8 $15) 39. Bd2 b6
$2 (39... g5 40. hxg5 hxg5 41. Bxg5 Rf5 42. Qg7 Rxf3 $17) 40. Be3 Rb7 $2 (40...
d4 $5 41. Bxd4 Bxf3 42. Bxb6 $10) 41. Qd6 Ba4 42. Bxb6 $16 e5 $6 43. Ba5 $1
Rb1+ (43... d4 $5 44. Qa6 Bb5 45. Qa8+ Rb8 46. Qd5 Rb7 47. Qc5+ $16) 44. Kh2
Kb7 45. Qc7+ Ka6 46. Bc3 $1 Rb6 (46... d4 $2 {Ernst} 47. Qa5+ Kb7 48. Qxa4 dxc3
49. Qxe8 c2 50. Qf7+ Kb8 51. Qg8+ Kb7 52. Qxg7+ Ka8 53. Qg8+ Kb7 54. Qh7+ $18)
47. Bxe5 Rf8 48. f4 g6 (48... g5 {Ernst} 49. Qc5 $16) 49. Qc5 Re8 50. Qxd5 Rc8
51. f5 gxf5 52. Qd3+ Bb5 53. Qxf5 Rc1 54. Bd4 Rbc6 55. Be3 R1c4 56. Kg3 Rd6 57.
Qf7 Ka5 58. h5 Ka4 59. Qa7+ Ba6 60. Qg7 Bc8 61. f3 Rd3 62. Qxh6 Rcc3 63. Qf4+
Kb5 (63... Ka3 {Ernst} 64. Qf8+ $2 (64. h6 $1 {Ernst} Rxe3 65. h7 Re8 $1 (65...
Bb7 $2 {Ernst} 66. Qd6+ Ka2 67. h8=Q Rxf3+ 68. Kg4 Rc4+ 69. Kg5 $18) 66. Qf7 $1
{66.Dd4 Tb3=} Rce3 67. h8=Q Rxh8 68. Qa7+ $16) 64... Ka4 65. h6 Rxe3 66. h7 Bb7
$1 $10) 64. Qe5+ Ka4 65. Kf4 Rc4+ (65... Rxe3 66. Qxe3 Rxe3 67. Kxe3 Bf5 68.
Kf4 (68. Kd4 $1 {Ernst} Kb5 69. Kd5 Kb6 70. Kd6 Kb7 71. h6 Kc8 72. Ke7 Kc7 73.
Kf6 Bh7 74. Kg7 $18) 68... Bh7 69. Ke5 Kb5 70. f4 Kc6 71. Ke6 $1 Kc7 72. h6 Kd8
73. Kf7 Kd7 (73... Bb1 {Ernst} 74. Kf6 Ke8 75. f5 Bxf5 $1 $10) 74. Kg7 Be4 75.
h7 Bxh7 76. Kxh7 $18) 66. Kg3 (66. Kg5 {Ernst} Bb7 $1 $132) 66... Rcc3 67. Qf4+
Kb5 68. Qb8+ Ka4 69. Qa8+ Kb3 (69... Kb4 {Ernst} 70. h6 Rxe3 71. h7 Re8 72.
Qb8+ Ka5 (72... Kc5 {Ernst} 73. Qc7+ Kb4 74. Qf7 Rh8 75. Qg7 Re8 76. Qd4+ Kb3
77. Qd5+ $16 {Wir haben eine Position aus der Partie erreicht.}) (72... Ka4 {
Ernst} 73. Qf4+ Kb5 {73.-Kb3? 74.Df7+ und 73.-Ka3 führt zu der Variante 63.
-Ka3. Schliesslich führt 73.-Ka5 zu der Subvariante 72.-Ka5 (Erste Variante
mit 69.-Kb4.)} 74. Qf7 $1 Rd8 {74.-Tce3 75.Dd5+!} 75. Qh5+ Kb6 76. h8=Q Rxh8
77. Qxh8 $16) (72... Ka3 {Ernst} 73. Qd6+ $1 {73.Da7+ Kb2!; 73.Db5 Tf8!} Kb2 {
73.-Kb3 74.Dd5+ führt wieder zu der Partie.} 74. Qd2+ Rc2 75. Qb4+ Kc1 76. Qd4
$16) 73. h8=Q Rxh8 74. Qe5+ Kb4 75. Qxh8 Bb7 $2 76. Qd4+ $18) 70. h6 Rxe3 71.
h7 Re8 72. Qd5+ Kc2 (72... Kb4 {Ernst} 73. Qf7 $1 Rce3 {73.-Th8 74.Dg7} 74.
h8=Q Rxf3+ $6 (74... Rxh8 {Ernst} 75. Qf4+ $16) 75. Qxf3 Rxh8 76. Qe4+ Kb3 77.
Qd3+ Ka2 78. Qc2+ $18) 73. Qg8 Rxg8+ 74. hxg8=Q Kb2 75. Qd5 Rb3 76. Kh4 Rb4+
77. Kg5 Ba6 78. Qd2+ Kb3 79. Qe3+ Ka4 80. f4 Rb5+ 81. f5 Bc8 82. Qe4+ Kb3 (
82... Ka5 {Ernst} 83. Qa8+ Ba6 84. Kg6 $18) 83. Qb1+ 1-0

[Event "WDR Match TV g/60"]
[Site "Cologne"]
[Date "1991.??.??"]
[Round "?"]
[White "Polgar, Judit"]
[Black "Hertneck, Gerald"]
[Result "0-1"]
[WhiteElo "2550"]
[BlackElo "2555"]
[Annotator "Knaak,R"]
[PlyCount "176"]
[EventDate "1991.08.??"]
[EventType "game"]
[EventRounds "1"]
[EventCountry "GER"]
[SourceTitle "EXT 2006"]
[Source "ChessBase"]
[SourceDate "2005.11.24"]
[SourceVersion "1"]
[SourceVersionDate "2005.11.24"]
[SourceQuality "1"]

1. e4 e6 2. d4 d5 3. Nc3 Bb4 4. e5 c5 5. a3 Bxc3+ 6. bxc3 Ne7 7. Qg4 O-O 8. Bd3
Nbc6 9. Qh5 Ng6 $1 10. Nf3 Qc7 $1 {Von Hertneck hiermit in die Praxis
eingeführt.} 11. O-O (11. Be3 $142 $1) 11... c4 12. Be2 f6 $15 13. exf6 Rxf6
14. g3 Bd7 15. Be3 Raf8 16. Bg5 R6f7 17. Rab1 Bc8 18. Bd2 Rf6 19. Kg2 h6 20.
Nh4 Nxh4+ 21. Qxh4 Qa5 22. Ra1 Bd7 23. f3 Be8 24. Rfb1 b6 25. a4 Bg6 26. Ra2
Bh7 27. Rb5 Qa6 28. Qh5 Qc8 29. Bc1 Qe8 30. Qxe8 Rxe8 31. h4 Bg6 32. Bf4 Rxf4
33. gxf4 Rf8 34. Bf1 Rxf4 35. Kg3 Rf6 36. Bh3 Kf7 37. Bg4 h5 38. Bh3 Ke7 39.
Kf2 Kd6 40. Ke3 Be8 41. Rb1 Ne7 42. Rh1 Ng6 43. Bf1 Rf4 44. Be2 Rxh4 45. Rxh4
Nxh4 46. a5 g5 47. axb6 Nf5+ 48. Kf2 axb6 49. Ra8 Bg6 50. Rh8 Kc7 51. Rg8 Ne7
52. Rg7 Kd6 53. Bf1 g4 54. fxg4 hxg4 55. Be2 g3+ 56. Kg2 Be4+ 57. Kh3 Nf5 58.
Rg8 g2 59. Kh2 Ne3 60. Kg1 Nxc2 61. Rb8 Kc7 62. Re8 Bf5 63. Kxg2 Na3 64. Rg8
Nb1 65. Rg3 b5 66. Kf2 Kb6 67. Ke1 Ka5 68. Kd1 b4 69. cxb4+ Kxb4 70. Kc1 Nc3
71. Bg4 Nb5 72. Bd1 Nxd4 73. Kd2 Nb3+ 74. Bxb3 cxb3 75. Kc1 Ka3 76. Rf3 d4 77.
Rf2 Bc2 78. Rf8 e5 79. Ra8+ Kb4 80. Rb8+ Kc3 81. Rc8+ Kd3 82. Re8 e4 83. Re7 e3
84. Re8 Ke2 85. Rh8 d3 86. Rh2+ Kf3 87. Rh1 d2+ 88. Kb2 d1=Q 0-1

[Event "Oslo Cup"]
[Site "Oslo"]
[Date "1991.??.??"]
[Round "9"]
[White "Hellers, Ferdinand"]
[Black "Ostenstad, Berge"]
[Result "1-0"]
[WhiteElo "2550"]
[BlackElo "2500"]
[Annotator "Knaak,R"]
[PlyCount "77"]
[EventDate "1991.03.??"]
[EventType "tourn"]
[EventRounds "9"]
[EventCountry "NOR"]
[EventCategory "9"]
[SourceTitle "CBM 023"]
[Source "ChessBase"]
[SourceDate "1991.08.01"]
[SourceVersion "1"]
[SourceVersionDate "1991.08.01"]
[SourceQuality "1"]

1. e4 e6 2. d4 d5 3. Nc3 Bb4 4. e5 c5 5. a3 Bxc3+ 6. bxc3 Ne7 7. Qg4 cxd4 8.
Qxg7 Rg8 9. Qxh7 Qc7 10. Ne2 Nbc6 11. f4 Bd7 12. Qd3 dxc3 13. Qxc3 O-O-O 14.
Rb1 Nf5 15. Rg1 f6 (15... d4 $1) 16. g4 Nh6 17. exf6 Rxg4 18. Rxg4 $5 {N} (18.
Be3 Rxg1 19. Bxg1 Nf5 20. Rd1 Rf8 21. Rd3 {Mecking-Uhlmann/Manila izt/1976/i23/
231}) 18... Nxg4 19. f7 Qd6 (19... e5 {>=}) 20. Qg7 $1 {>< Ng4} e5 21. Bh3 Qf8
22. Qg6 Qh8 (22... Nxh2 23. Qg3) 23. Bxg4 Qh4+ 24. Ng3 Bxg4 25. Qg7 $1 $18 Nd4
26. f8=Q Nf3+ 27. Kd1 Nd4+ (27... Ng5+ 28. Kd2 Qxh2+ 29. Kc3 Qxg3+ 30. Kb2 $18)
28. Ne2 Bxe2+ 29. Kd2 Rxf8 30. Qxf8+ Kc7 31. Qg7+ Kd8 32. Qf8+ Kc7 33. Qf7+ Kd6
34. Rxb7 Qxf4+ 35. Qxf4 exf4 36. c3 Ba6 37. Rxa7 Nf3+ 38. Kc2 Ne1+ 39. Kd1 1-0